|
|
|
|
| LEADER |
00725nab a2200205 i 4500 |
| 001 |
acta63096 |
| 005 |
20251219084602.0 |
| 008 |
200130s2001 hu o 000 rus d |
| 022 |
|
|
|a 1586-0736
|
| 040 |
|
|
|a SZTE Egyetemi Kiadványok Repozitórium
|b hun
|
| 041 |
|
|
|a rus
|
| 100 |
1 |
|
|a Pozsgai István
|
| 245 |
1 |
0 |
|a Reducirovann'ìe hlasn'ìe v predlohah v sinajskom paterike
|h [elektronikus dokumentum] /
|c Pozsgai István
|
| 260 |
|
|
|c 2001
|
| 300 |
|
|
|a 161-173
|
| 490 |
0 |
|
|a Hungaro-Ruthenica
|v 2
|
| 650 |
|
4 |
|a Bölcsészettudományok
|
| 650 |
|
4 |
|a Nyelvek és irodalom
|
| 695 |
|
|
|a Nyelvtörténet - szláv, Szláv nyelv - hangtan
|
| 856 |
4 |
0 |
|u http://acta.bibl.u-szeged.hu/63096/1/hungaro_ruthenica_002_161-173.pdf
|z Dokumentum-elérés
|